000 00507cam a2200181 4500
001 WB3548-13
008 000000n1999 000 0 eng u
035 _a(Sirsi) u103086
245 _aHungary
260 _c1999
490 _aFinancial Times
_vSupplement 9 December 1999(2)
520 _aSpecial report on Hungary including features on the economy, telecommunications and agriculture.
590 _aWB
650 _aHUNGARY
650 _aEASTERN EUROPE
690 _aOVERSEAS-EUROPE
942 _n0
999 _c61953
_d61953